Statistiques concernant Devinez le Département Mystère #89

Cliquez ici pour prendre le quiz!

Statistiques générales

  • Ce quiz a été pris 84 fois
  • Le résultat moyen est 26 sur 34

Statistiques - réponses

Type de RéponseRéponse% Correct
Lettre TrouvéeA
100%
Lettre TrouvéeE
100%
Lettre TrouvéeN
100%
Lettre TrouvéeR
98%
Lettre de l'AlphabetI
97%
Lettre TrouvéeO
97%
Lettre de l'AlphabetS
97%
Lettre de l'AlphabetD
94%
Lettre de l'AlphabetH
92%
Lettre de l'AlphabetL
92%
Lettre de l'AlphabetM
92%
Lettre de l'AlphabetT
92%
Lettre de l'AlphabetU
89%
Lettre de l'AlphabetB
85%
Lettre de l'AlphabetC
83%
Lettre de l'AlphabetG
80%
Lettre TrouvéeV
80%
Lettre de l'AlphabetF
77%
Lettre de l'AlphabetP
75%
Lettre TrouvéeY
75%
Lettre de l'AlphabetJ
60%
Lettre de l'AlphabetQ
60%
Lettre de l'AlphabetZ
60%
Lettre Bien PlacéeA
58%
Lettre de l'AlphabetX
57%
Département MystèreAveyron
54%
Lettre Bien PlacéeE
54%
Lettre de l'AlphabetK
54%
Lettre Bien PlacéeN
54%
Lettre Bien PlacéeO
54%
Lettre Bien PlacéeR
54%
Lettre Bien PlacéeV
54%
Lettre de l'AlphabetW
54%
Lettre Bien PlacéeY
54%

Distribution des résultats

Percentile par nombre de réponses

% des personnes avec chaque résultat

Votre développement - résultats

Vous n’avez pas pris ce quiz